banner-ar

تحويل الملكية العامة الى القطاع الخاص: والتنمية الاقتصادية / (Record no. 29877)

MARC details
000 -الفاتح
حقل البيانات ثابتة الطول 00970nam a2200253Ia 4500
005 - وقت وتاريخ اخر تعامل مع التسجيلة
رقم الضبط 20240530102115.0
008 - عناصر البيانات ثابتة الطول - معلومات عامة
حقل البيانات ثابتة الطول 140319s9999 xx 000 0 ara d
040 ## - مصدر الفهرسة
وكالة الفهرسة الأصلية GCL /
وكالة النسخ GCL
082 04 - رقم تصنيف ديوى العشرى
رقم التصنيف 330.17\
رقم المادة هـ ت
100 1# - المدخل الرئيسى - إسم شخصى
الإسم الشخصى هانكى ، ستيف، هـ .
245 10 - بيان العنوان
العنوان تحويل الملكية العامة الى القطاع الخاص: والتنمية الاقتصادية /
بيان المسئوليه,etc اعداد وتحريرستيف، هـ . هانكى ؛ ترجمة محمد مصطفى غنيم ؛ مراجعة وتقديم شريف لطفى
260 ## - PUBLICATION, DISTRIBUTION, ETC. (IMPRINT)
تاريخ النشر أو التوزيع 1990
300 ## - الوصف المادى
التعداد 209 ص
490 0# - بيان السلسلة
عنوان السلسلة فى الشرق والغرب
650 04 - المدخل الاضافى بالموضوع-مصطلح موضوعى
مصطلح موضوعي مصر
650 04 - المدخل الاضافى بالموضوع-مصطلح موضوعى
مصطلح موضوعي الاقتصاد
650 04 - المدخل الاضافى بالموضوع-مصطلح موضوعى
مصطلح موضوعي القطاع العام
650 04 - المدخل الاضافى بالموضوع-مصطلح موضوعى
مصطلح موضوعي القطاع الخاص
700 1# - المدخل الاضافى - اسم شخصى
الإسم الشخصى شريف لطفى
700 1# - المدخل الاضافى - اسم شخصى
الإسم الشخصى المركز الدولى للنمو الاقتصادى
700 1# - المدخل الاضافى - اسم شخصى
الإسم الشخصى محمد مصطفى غنيم
942 ## - عناصر المدخل الإضافي( كوها)
مصدر التصنيف او مخطط الترفيف Dewey Decimal Classification
Koha [default] item type كتاب
260 ## - PUBLICATION, DISTRIBUTION, ETC. (IMPRINT)
-- [S.N] :
-- دار الشروق ،
Holdings
حالة التراجع حالة الفقد حالة تلف ليس للاعارة المكان المؤقت الموقع الحالى تاريخ الاكتساب اجمالي اﻻعارات رقم الطلب الباركود تاريخ اخر مشاهدة تاريخ تفعيل السعر نوع وعاء كوها
        مكتبة القاهرة الكبرى مكتبة القاهرة الكبرى 03/26/2014   330.17\هـ ت 69308 03/26/2014 03/26/2014 كتاب
        مكتبة القاهرة الكبرى مكتبة القاهرة الكبرى 03/26/2014   330.17\هـ ت 69309 03/26/2014 03/26/2014 كتاب
        مكتبة القاهرة الكبرى مكتبة القاهرة الكبرى 03/26/2014   330.17\هـ ت 69310 03/26/2014 03/26/2014 كتاب

Powered By

EGPV